000 00374nam a2200145Ia 4500
005 20251222144913.0
008 251222s9999||||xx |||||||||||||| ||spa||
020 _a978-84-7978-902-2
082 _aREF.613.23/V38
100 _aVázquez Martínez, Clotilde
245 0 _aVademécum de Nutrición Artificial
250 _a7a.ed.
264 _bDíaz de Santos
942 _cLIB
999 _c22439
_d22439